LEADER 00917nam0-2200289 --450 001 9910277660203321 005 20180710092644.0 010 $a978-88-568-2342-4 020 $aIT$b2010-6363 100 $a20180710d2010----kmuy0itay5050 ba 101 0 $aita 102 $aIT 105 $a 001yy 200 1 $aDopo lo Stato$estoria e antropologia della ricomposizione sociale nella Somalia settentrionale$fLuca Ciabarri 210 $aMilano$cFrancoAngeli$d2010 215 $a254 p.$d23 cm 225 1 $aCentro studi per i popoli extraeuropei Cesare Bonacossa dell'Università di Pavia$v23 610 0 $aSocietà$aSomalia$a1991-2009 676 $a967.73053$v21$zita 700 1$aCiabarri,$bLuca$0704737 801 0$aIT$bUNINA$gREICAT$2UNIMARC 901 $aBK 912 $a9910277660203321 952 $aIX H 187 (23)$b1021/2018$fFSPBC 959 $aFSPBC 996 $aDopo lo stato$91354397 997 $aUNINA LEADER 01754nas 2200493-a 450 001 996201322603316 005 20240413014415.0 011 $a2420-6385 035 $a(DE-599)ZDB2145378-0 035 $a(CKB)1000000000526668 035 $a(CONSER)---96649108- 035 $a(EXLCZ)991000000000526668 100 $a19810122b18661902 --- b 101 0 $afre 181 $ctxt$2rdacontent 182 $cc$2rdamedia 183 $acr$2rdacarrier 200 00$aBulletin historique et littéraire /$fSociété de l'histoire du protestantisme français 210 $aParis $cAgence centrale de la Société$d1866-1902 215 $a1 online resource 311 08$aPrint version: Bulletin historique et litte?raire / 1141-0558 (DLC) 96649108 (OCoLC)681779321 531 0 $aBull. hist. litt. - Soc. hist. protestant. fr. 606 $aProtestants$zFrance$xHistory$vPeriodicals 606 $aProtestants$zFrance$xHistoire$vPériodiques 606 $aProtestants$2fast$3(OCoLC)fst01079934 607 $aFrance$xHistory$vSources$vPeriodicals 607 $aFrance$xHistoire$vSources$vPériodiques 607 $aFrance$2fast$1https://id.oclc.org/worldcat/entity/E39PBJd8gD4vdtqQMdQHvYqbBP 608 $aSources. 608 $aPeriodicals.$2aat 608 $aHistory.$2fast 608 $aPeriodicals.$2fast 608 $aSources.$2fast 608 $aPeriodicals.$2lcgft 615 0$aProtestants$xHistory 615 6$aProtestants$xHistoire 615 7$aProtestants. 676 $a284.244 712 02$aSociété de l'histoire du protestantisme français (France) 906 $aJOURNAL 912 $a996201322603316 920 $aexl_impl conversion 996 $aBulletin historique et litte?raire$91887862 997 $aUNISA